[Event "28th Czech Open A 2017"]
[Site "Pardubice CZE"]
[Date "2017.07.23"]
[Round "3.3"]
[White "Akesson, Ralf"]
[Black "Ladva, Ottomar"]
[Result "1/2-1/2"]
[WhiteTitle "GM"]
[BlackTitle "GM"]
[WhiteElo "2435"]
[BlackElo "2531"]
[WhiteFideId "1700120"]
[BlackFideId "4500024"]
[EventDate "2017.07.21"]

1. d4 Nf6 2. c4 e6 3. Nf3 d5 4. Nc3 c5 5. cxd5 Nxd5 6. e4 Nxc3 7. bxc3 cxd4 8.
cxd4 Bb4+ 9. Bd2 Bxd2+ 10. Qxd2 O-O 11. Bc4 Nd7 12. O-O b6 13. Rfe1 Bb7 14. a4
Nf6 15. Bd3 Qe7 16. a5 bxa5 17. Rxa5 Rfd8 18. h3 h6 19. Qa2 a6 20. Qb2 Qc7 21.
Rc5 Qe7 22. Ra5 Qc7 23. Rc5 Qe7 24. Ra5 1/2-1/2

[Event "28th Czech Open A 2017"]
[Site "Pardubice CZE"]
[Date "2017.07.23"]
[Round "3.4"]
[White "Paravyan, David"]
[Black "Bryzgalin, Kirill"]
[Result "1-0"]
[WhiteTitle "IM"]
[BlackTitle "GM"]
[WhiteElo "2531"]
[BlackElo "2424"]
[WhiteFideId "4194985"]
[BlackFideId "4133285"]
[EventDate "2017.07.21"]

1. e4 e5 2. Nf3 Nc6 3. Bc4 d6 4. c3 h6 5. d4 Qe7 6. O-O Nf6 7. Re1 g6 8. Nbd2
Bg7 9. h3 O-O 10. Nf1 Nd8 11. Ng3 c6 12. a4 Qc7 13. Be3 exd4 14. Bxd4 Be6 15. e5
dxe5 16. Bxe5 Qb6 17. a5 Qxb2 18. Ra2 Qxa2 19. Bxa2 Bxa2 20. c4 Re8 21. Qc2 1-0

[Event "28th Czech Open A 2017"]
[Site "Pardubice CZE"]
[Date "2017.07.23"]
[Round "3.5"]
[White "Lalith, Babu M R"]
[Black "Vokac, Marek"]
[Result "1-0"]
[WhiteTitle "GM"]
[BlackTitle "GM"]
[WhiteElo "2530"]
[BlackElo "2412"]
[WhiteFideId "5024595"]
[BlackFideId "300101"]
[EventDate "2017.07.21"]

1. c4 g6 2. g3 Bg7 3. Bg2 c5 4. Nc3 Nc6 5. Nf3 d6 6. O-O e5 7. a3 a5 8. Rb1 Nge7
9. Ne1 Be6 10. d3 O-O 11. Nc2 d5 12. cxd5 Nxd5 13. Ne3 Nxe3 14. Bxe3 Nd4 15.
Bxb7 Rb8 16. Bg2 f5 17. f4 exf4 18. Bxf4 Bb3 19. Qd2 Rb6 20. Bg5 Qd7 21. Bh6 Rd6
22. Bxg7 Kxg7 23. Nd1 a4 24. Nf2 Re8 25. e3 Nc2 26. e4 Nd4 27. Rbe1 Rde6 28. Kh1
Nc2 29. Rc1 fxe4 30. Qc3+ Qd4 31. Qxd4+ cxd4 32. Bxe4 Ne3 33. Rc7+ Kh6 34. Rfc1
Rf6 35. Nh3 Rxe4 36. dxe4 Bd1 37. Nf4 Bf3+ 38. Kg1 Bxe4 39. Rd7 Nc2 40. Ne2 Rc6
41. Rd1 d3 42. Nf4 Bf5 43. Rd8 Ne3 44. Re1 Rc2 45. Rxe3 d2 46. Rf3 Bg4 47. Rf1
g5 48. Rd6+ Kg7 49. Ne6+ Bxe6 50. Rxe6 Rc1 51. Rd6 1-0

[Event "28th Czech Open A 2017"]
[Site "Pardubice CZE"]
[Date "2017.07.23"]
[Round "3.6"]
[White "Kaczur, Florian"]
[Black "Stefansson, Hannes"]
[Result "1/2-1/2"]
[BlackTitle "GM"]
[WhiteElo "2433"]
[BlackElo "2530"]
[WhiteFideId "705098"]
[BlackFideId "2300087"]
[EventDate "2017.07.21"]

1. e4 e5 2. Nf3 Nc6 3. Bb5 Nf6 4. O-O Nxe4 5. d4 Nd6 6. Bxc6 dxc6 7. dxe5 Nf5 8.
Qxd8+ Kxd8 9. Rd1+ Ke8 10. Nc3 Be7 11. h3 h5 12. Bg5 Be6 13. Bxe7 Kxe7 14. Ne2
Rad8 15. Nf4 h4 16. Nxe6 Kxe6 17. Ng5+ Ke7 18. Nf3 Ke6 19. Ng5+ Ke7 1/2-1/2

[Event "28th Czech Open A 2017"]
[Site "Pardubice CZE"]
[Date "2017.07.23"]
[Round "3.7"]
[White "Kraus, Tomas"]
[Black "Geller, Jakov"]
[Result "0-1"]
[WhiteTitle "IM"]
[BlackTitle "GM"]
[WhiteElo "2422"]
[BlackElo "2519"]
[WhiteFideId "331708"]
[BlackFideId "4151984"]
[EventDate "2017.07.21"]

1. e4 c5 2. Nf3 d6 3. d4 Nf6 4. Nc3 cxd4 5. Nxd4 a6 6. Bd3 e6 7. f4 Qc7 8. Qe2
Nbd7 9. Nf3 Nc5 10. Bd2 b5 11. b4 Nxd3+ 12. cxd3 Bb7 13. Rc1 Qd8 14. Nd4 Be7 15.
O-O O-O 16. Kh1 Rc8 17. a3 Nd7 18. Nb3 Bf6 19. Rc2 e5 20. Rfc1 exf4 21. Bxf4 Ne5
22. Na5 Ba8 23. Nd5 Rxc2 24. Qxc2 Bg5 25. Qd2 Bxf4 26. Nxf4 Qg5 27. Nb3 Re8 28.
Rf1 f5 29. exf5 Qxf5 30. Qe2 Qg4 31. Qa2 Kh8 32. Nd4 Nxd3 33. Nxd3 Qxd4 34. Qf7
Rg8 35. Nf4 Qe4 36. h3 Qe8 37. Ne6 Bc6 38. Ng5 h6 39. Ne6 Qxf7 40. Rxf7 Re8 41.
Rc7 Be4 42. Nd4 Bd5 43. Ra7 Re3 44. Rxa6 Rxh3+ 45. Kg1 Rg3 46. Rxd6 Rxg2+ 47.
Kf1 Rg5 48. Kf2 Bc4 49. Rc6 Rg4 50. Nf3 Re4 51. Rc8+ Kh7 52. Rc5 Re2+ 53. Kg3
Ra2 54. Ne5 Rxa3+ 55. Kf2 Rc3 56. Nxc4 bxc4 57. Ke2 g5 58. Kd2 Rd3+ 59. Kc2 Rd8
60. b5 g4 61. Rxc4 h5 62. b6 g3 63. Rc3 Rg8 64. b7 g2 65. Rc7+ Kh6 66. Rc6+ Kh7
67. Rc7+ Kh8 68. Rc8 g1=Q 69. b8=Q Qg2+ 70. Kc1 Qf1+ 71. Kd2 Qf2+ 72. Kd1 Qd4+
73. Kc1 Qe3+ 74. Kd1 Qg1+ 75. Kd2 Qg5+ 76. Ke1 Qe7+ 77. Kf2 Qf6+ 78. Ke3 Qe6+ 0-1

[Event "28th Czech Open A 2017"]
[Site "Pardubice CZE"]
[Date "2017.07.23"]
[Round "3.8"]
[White "Potapov, Pavel"]
[Black "Bruedigam, Martin"]
[Result "1/2-1/2"]
[WhiteTitle "GM"]
[BlackTitle "FM"]
[WhiteElo "2495"]
[BlackElo "2410"]
[WhiteFideId "4169786"]
[BlackFideId "24608033"]
[EventDate "2017.07.21"]

1. e4 e5 2. Nf3 Nc6 3. Bb5 a6 4. Ba4 Nf6 5. O-O Be7 6. Bxc6 dxc6 7. d3 Nd7 8.
Qe2 O-O 9. Nbd2 Re8 10. Nc4 Bc5 11. Be3 Bxe3 12. Qxe3 Qe7 13. Rad1 c5 14. g3 f6
15. Nh4 Nb8 16. f4 Nc6 17. Qf2 Be6 18. Ne3 Rad8 19. b3 b5 20. Nhf5 Qd7 21. g4
exf4 22. Qxf4 Nd4 23. Kh1 Ne2 24. Qf2 Nc3 25. Ra1 c4 26. Qe1 Bxf5 27. Nxf5 Nd5
28. bxc4 bxc4 29. Qf2 Ne7 30. Nxg7 Kxg7 31. Qxf6+ Kg8 32. Qf7+ Kh8 33. Qf6+ Kg8
34. Qf7+ 1/2-1/2

[Event "28th Czech Open A 2017"]
[Site "Pardubice CZE"]
[Date "2017.07.23"]
[Round "3.9"]
[White "Kozak, Adam"]
[Black "Krylov, Mikhail RUS"]
[Result "1-0"]
[WhiteTitle "IM"]
[BlackTitle "GM"]
[WhiteElo "2414"]
[BlackElo "2485"]
[WhiteFideId "753246"]
[BlackFideId "4151364"]
[EventDate "2017.07.21"]

1. d4 Nf6 2. c4 c5 3. d5 e6 4. Nc3 exd5 5. cxd5 d6 6. e4 g6 7. Nf3 Bg7 8. h3 O-O
9. Bd3 Re8 10. O-O Nbd7 11. Re1 a6 12. a4 Ne5 13. Be2 Nxf3+ 14. Bxf3 Nd7 15. Be3
Ne5 16. Be2 g5 17. a5 h6 18. Na4 Nd7 19. Bd3 b5 20. axb6 Nxb6 21. Nc3 Nd7 22.
Ra4 Ne5 23. Be2 a5 24. Qc2 Bd7 25. Ra2 Qc7 26. Nb1 Rab8 27. b3 Bb5 28. Bxb5 Rxb5
29. Nd2 Rb4 30. Ra3 Rc8 31. Rc1 Qb6 32. Rca1 Qd8 33. Rc1 c4 34. bxc4 Nd7 35. Ra2
Rcb8 36. Nf3 Nc5 37. Bxc5 dxc5 38. e5 Qb6 39. Raa1 Re8 40. Re1 Qa6 41. Ra4 1-0

[Event "28th Czech Open A 2017"]
[Site "Pardubice CZE"]
[Date "2017.07.23"]
[Round "3.11"]
[White "Kislinsky, Alexey"]
[Black "Matviishen, Viktor"]
[Result "1/2-1/2"]
[WhiteTitle "GM"]
[BlackTitle "FM"]
[WhiteElo "2479"]
[BlackElo "2404"]
[WhiteFideId "14108801"]
[BlackFideId "14129850"]
[EventDate "2017.07.21"]

1. e4 c5 2. b3 d6 3. Bb2 Nf6 4. Nc3 Nc6 5. g3 g6 6. Nd5 Bg7 7. Nxf6+ Bxf6 8.
Bxf6 exf6 9. Bg2 f5 10. d3 Qf6 11. Ne2 fxe4 12. dxe4 Bg4 13. f3 Bxf3 14. O-O
Bxe2 15. Rxf6 Bxd1 16. Rxd1 Ke7 17. Rfxd6 Rad8 18. e5 Nxe5 19. Rxd8 Rxd8 20.
Rxd8 Kxd8 21. Bxb7 Kc7 22. Bg2 f5 23. h3 g5 24. Kf2 Kd6 25. Ke3 Ng6 26. Bf1 Ke5
27. c3 f4+ 28. gxf4+ Nxf4 29. a3 a5 30. b4 Nd5+ 31. Kf3 axb4 32. cxb4 cxb4 33.
axb4 Nxb4 34. Kg4 Kf6 1/2-1/2

[Event "28th Czech Open A 2017"]
[Site "Pardubice CZE"]
[Date "2017.07.23"]
[Round "3.12"]
[White "Bukal, Vladimir Jr."]
[Black "Puranik, Abhimanyu"]
[Result "1/2-1/2"]
[WhiteTitle "IM"]
[BlackTitle "IM"]
[WhiteElo "2398"]
[BlackElo "2479"]
[WhiteFideId "14502941"]
[BlackFideId "5061245"]
[EventDate "2017.07.21"]

1. d4 Nf6 2. Nf3 g6 3. Nc3 d5 4. Bf4 Bg7 5. e3 O-O 6. Be2 Bg4 7. Ne5 Bxe2 8.
Qxe2 Nbd7 9. h4 c5 10. Nxd7 Qxd7 11. Be5 Rac8 12. O-O-O cxd4 13. exd4 Rc4 14.
Rd3 h5 15. Kb1 Rfc8 16. Nd1 Rxc2 17. Qxc2 Rxc2 18. Kxc2 Ne4 19. Bxg7 Kxg7 20.
Re1 Qc8+ 21. Kb1 Qf5 22. Ree3 e5 23. Kc1 exd4 24. Rxd4 Qe5 25. Red3 Qc7+ 26. Kb1
Qh2 27. g3 Qg1 28. Kc2 Qg2 29. Kc1 Qh1 30. Kc2 Qg2 31. Kc1 Nc5 32. Rd2 Ne4 33.
R2d3 Qh1 1/2-1/2

[Event "28th Czech Open A 2017"]
[Site "Pardubice CZE"]
[Date "2017.07.23"]
[Round "3.13"]
[White "Swicarz, Maciej"]
[Black "Nguyen, Thai Dai Van"]
[Result "1/2-1/2"]
[BlackTitle "IM"]
[WhiteElo "2372"]
[BlackElo "2473"]
[WhiteFideId "1113585"]
[BlackFideId "358878"]
[EventDate "2017.07.21"]

1. c4 Nf6 2. Nc3 e5 3. g3 d5 4. cxd5 Nxd5 5. Bg2 Nb6 6. e3 Bd6 7. Nge2 O-O 8.
O-O Nc6 9. b3 Bf5 10. f4 f6 11. d4 exd4 12. Nxd4 Nxd4 13. Qxd4 c6 14. e4 Qe7 15.
Kh1 Bc5 16. Qd3 Bg4 17. h3 Rad8 18. Qc2 Bh5 19. g4 Bg6 20. Bd2 Nd5 21. Nxd5 cxd5
22. f5 Bf7 23. exd5 Bxd5 24. Bf4 Bxg2+ 25. Qxg2 Rd3 26. Rae1 Qd7 27. Re6 Rd1 28.
Ree1 Rxe1 29. Rxe1 Qd3 30. Kh2 Bd6 31. Bxd6 Qxd6+ 32. Kh1 Qd3 33. Kh2 Rc8 34.
Re2 h6 35. Rd2 Qe3 36. Qe2 Qxe2+ 37. Rxe2 Kf7 1/2-1/2

[Event "28th Czech Open A 2017"]
[Site "Pardubice CZE"]
[Date "2017.07.23"]
[Round "3.14"]
[White "Gurevich, Daniel"]
[Black "Das, Sayantan"]
[Result "1/2-1/2"]
[WhiteTitle "IM"]
[BlackTitle "IM"]
[WhiteElo "2472"]
[BlackElo "2399"]
[WhiteFideId "2044676"]
[BlackFideId "5034426"]
[EventDate "2017.07.21"]

1. Nf3 Nf6 2. c4 e6 3. g3 d5 4. Bg2 Be7 5. O-O O-O 6. d4 c6 7. Qc2 Nbd7 8. Bf4
Nh5 9. Be3 b6 10. Ne5 Bb7 11. cxd5 cxd5 12. Nc6 Bxc6 13. Qxc6 Qc8 14. Qa4 Qb7
15. Rc1 Rac8 16. Nd2 a6 17. Qd1 Nhf6 18. Bf3 Bd6 19. Rxc8 Rxc8 20. Rc1 Rc6 21.
Nb3 Qc7 22. Rxc6 1/2-1/2

[Event "28th Czech Open A 2017"]
[Site "Pardubice CZE"]
[Date "2017.07.23"]
[Round "3.15"]
[White "Westerberg, Jonathan"]
[Black "Janzelj, Tim"]
[Result "1/2-1/2"]
[WhiteTitle "IM"]
[WhiteElo "2469"]
[BlackElo "2391"]
[WhiteFideId "1701754"]
[BlackFideId "14607913"]
[EventDate "2017.07.21"]

1. Nf3 d6 2. d4 g6 3. e4 Bg7 4. Bd3 Nd7 5. O-O e5 6. dxe5 Nxe5 7. Nxe5 dxe5 8.
Nd2 Ne7 9. Bb5+ Bd7 10. Bxd7+ Qxd7 11. Nc4 Qe6 12. Qe2 O-O 13. Be3 Nc6 14. c3 b5
15. Nd2 Rfb8 16. a4 b4 17. Qc4 Qxc4 18. Nxc4 bxc3 19. bxc3 Rb3 20. Rfc1 Rd8 21.
Rab1 Rxb1 22. Rxb1 Rd3 23. Rc1 f5 24. Kf1 Kf7 25. Ke2 Rd7 26. f3 Ke6 27. Rb1 a6
28. Rb7 Bf8 29. g4 fxg4 30. fxg4 h5 31. gxh5 gxh5 32. Rb1 Rg7 33. Bh6 Rg2+ 34.
Kf3 Rg8 35. Bxf8 Rxf8+ 36. Ke3 Rf4 37. Rb7 Rf7 38. Ke2 Kd7 39. Ke3 Rf1 40. Nb6+
Kd6 41. Nc8+ Kd7 42. Nb6+ Kd6 43. Nd5 Re1+ 44. Kf3 Rf1+ 45. Kg3 Re1 46. Nf6 Re3+
47. Kh4 Rxc3 48. Rxc7 Rc2 49. Ne8+ Kc5 50. h3 Rc4 51. Nf6 Kd6 52. Ne8+ Kc5 53.
Nf6 Kd6 54. Rc8 Rxa4 55. Kxh5 Ra1 56. Ra8 a5 57. Nd5 Re1 58. Nf6 Kc7 59. h4 Rg1
60. Nd5+ Kd6 61. Rf8 Kc5 62. Rc8 Kd6 63. Rf8 Re1 64. Nf6 Kc5 65. Nd7+ Kb5 66.
Kg5 Rg1+ 67. Kf5 Rf1+ 68. Kg6 Rxf8 69. Nxf8 a4 70. h5 a3 71. h6 a2 72. h7 a1=Q
73. h8=Q Qe1 74. Kf5 Qf1+ 75. Ke6 Qc4+ 76. Kf5 Qf1+ 77. Ke6 Qc4+ 78. Kf5 Qf7+
79. Qf6 Qh5+ 80. Ke6 Qg4+ 81. Kd6 Qxe4 82. Qf1+ Qc4 83. Qxc4+ Kxc4 84. Kxc6 e4
85. Ng6 e3 86. Nf4 Kd4 87. Kb5 Ke4 88. Ne2 Kd3 89. Ng3 Kd2 90. Nf1+ Ke2 91. Nxe3
Kxe3 1/2-1/2

[Event "28th Czech Open A 2017"]
[Site "Pardubice CZE"]
[Date "2017.07.23"]
[Round "3.16"]
[White "Prasanna, Raghuram Rao"]
[Black "Spalir, Jernej"]
[Result "0-1"]
[WhiteTitle "IM"]
[BlackTitle "FM"]
[WhiteElo "2466"]
[BlackElo "2342"]
[WhiteFideId "5022401"]
[BlackFideId "14606518"]
[EventDate "2017.07.21"]

1. d4 d5 2. c4 c6 3. Nc3 Nf6 4. Nf3 dxc4 5. g3 b5 6. Bg2 e6 7. Ne5 Nd5 8. O-O
Bb7 9. e4 Nxc3 10. bxc3 Nd7 11. Ng4 Be7 12. e5 Qa5 13. Bd2 Ba3 14. Ne3 Nb6 15.
Rb1 O-O-O 16. Qg4 Bf8 17. Rb2 Na4 18. Rc2 Rd7 19. Rb1 a6 20. Qe2 Nb6 21. Be1 Ba3
22. Qg4 g6 23. Be4 Rhd8 24. Qf3 c5 25. Ng4 Bxe4 26. Qxe4 Nd5 27. Bd2 h5 28. Ne3
Qa4 29. Nd1 Rc7 30. Bg5 Rdd7 31. dxc5 Bxc5 32. Nb2 Qxa2 33. Rcc1 Ba3 34. Qc2 Qb3
35. Qd2 Qa2 36. Qe2 Nxc3 37. Qf3 Nd5 38. Ra1 Qxb2 39. Rxa3 Rc6 40. Rca1 Kb7 41.
Qe4 c3 42. R3a2 Qb4 43. Qf3 Qc4 44. Re2 b4 45. Re4 Qb5 46. Rd4 b3 47. Raa4 b2 0-1

[Event "28th Czech Open A 2017"]
[Site "Pardubice CZE"]
[Date "2017.07.23"]
[Round "3.17"]
[White "Wenninger, Philipp"]
[Black "Abergel, Thal"]
[Result "1/2-1/2"]
[BlackTitle "GM"]
[WhiteElo "2347"]
[BlackElo "2464"]
[WhiteFideId "4648404"]
[BlackFideId "614890"]
[EventDate "2017.07.21"]

1. d4 Nf6 2. c4 e6 3. Nc3 Bb4 4. e3 O-O 5. Ne2 c6 6. a3 Ba5 7. Bd2 d5 8. Ng3 Bc7
9. Bd3 dxc4 10. Bxc4 e5 11. dxe5 Bxe5 12. O-O Ng4 13. Be2 Qh4 14. Bxg4 Qxg4 15.
f3 Qc4 16. f4 Bc7 17. Nce4 f6 18. Rc1 Qf7 19. Bc3 Be6 20. Nd6 Bxd6 21. Qxd6 Na6
22. Rfd1 Bd5 23. f5 Rfe8 24. Qf4 Nc5 25. Bxf6 Qxf6 26. Rxc5 Qxb2 27. e4 Qxa3 28.
Rcc1 Qb4 29. f6 Rxe4 30. Nxe4 Qxe4 31. f7+ Kf8 32. Qxe4 Bxe4 33. Rd7 b5 34. Re1
Bd5 35. Re8+ Rxe8 36. fxe8=Q+ Kxe8 37. Rxa7 b4 38. Kf2 b3 39. Ke3 Kf8 40. Rb7 h5
41. g3 Kg8 42. Kd4 Kh7 43. h4 Kg6 44. Ke5 Kh6 45. Rb8 Kh7 46. Rc8 Kg6 47. Rc7
Kh6 48. Rc8 Kh7 49. Rb8 Bc4 50. Rb4 c5 51. Rb6 Bg8 52. Rb8 c4 53. Kd4 Bf7 54.
Rb7 Kg6 55. Kc3 Kf6 56. Rb5 g6 57. Rb7 Bd5 58. Rb6+ Be6 59. Rb5 Ke7 60. Rb6 Kd7
61. Kd4 Ke7 62. Kc3 Kf7 63. Rb7+ Kf6 64. Rb5 Bf7 65. Kd4 Be6 66. Kc3 1/2-1/2

[Event "28th Czech Open A 2017"]
[Site "Pardubice CZE"]
[Date "2017.07.23"]
[Round "3.18"]
[White "Drozdowski, Kacper"]
[Black "Yelisieiev, Yevhenii"]
[Result "1/2-1/2"]
[WhiteTitle "IM"]
[BlackTitle "FM"]
[WhiteElo "2461"]
[BlackElo "2317"]
[WhiteFideId "1136720"]
[BlackFideId "14139642"]
[EventDate "2017.07.21"]

1. e4 d6 2. d4 Nf6 3. Nc3 e5 4. Nf3 Nbd7 5. Bc4 Be7 6. O-O O-O 7. Re1 c6 8. a4
a5 9. h3 Nb6 10. Ba2 Nfd7 11. dxe5 dxe5 12. Be3 Qc7 13. Ng5 Nf6 14. Qd3 Nh5 15.
Qe2 Nf4 16. Bxf4 exf4 17. Qh5 Bxg5 18. Qxg5 h6 19. Qh5 Be6 20. e5 Rae8 21. Bxe6
Rxe6 22. Qf5 Rfe8 23. Qxf4 Rxe5 24. Rxe5 Qxe5 25. Qxe5 Rxe5 1/2-1/2

[Event "28th Czech Open A 2017"]
[Site "Pardubice CZE"]
[Date "2017.07.23"]
[Round "3.19"]
[White "Nitish, Belurkar"]
[Black "Noe, Christopher"]
[Result "0-1"]
[WhiteTitle "FM"]
[BlackTitle "IM"]
[WhiteElo "2283"]
[BlackElo "2451"]
[WhiteFideId "5084768"]
[BlackFideId "24692018"]
[EventDate "2017.07.21"]

1. e4 c5 2. c3 d5 3. exd5 Qxd5 4. d4 Nf6 5. Nf3 Bg4 6. Be2 e6 7. h3 Bh5 8. Be3
cxd4 9. cxd4 Nc6 10. Nc3 Qd6 11. Qb3 Qb4 12. Qxb4 Bxb4 13. O-O O-O 14. Rfd1 Rfd8
15. Rac1 Nd5 16. Nxd5 Rxd5 17. g4 Bg6 18. Ne5 Nxe5 19. dxe5 Rxe5 20. Bf3 Rb5 21.
a4 Ra5 22. b3 h5 23. Rd7 hxg4 24. hxg4 Rb8 25. Rcc7 b6 26. Bc6 Re5 27. Rxa7 Bc5
28. Bxc5 Rxc5 29. Bb5 Rc1+ 30. Kg2 Rc3 31. Bc4 Be4+ 32. Kf1 Rf8 33. g5 Kh7 34.
Ke2 Kg6 35. f4 Rh8 36. Kd2 Rhh3 37. f5+ Bxf5 38. Bf1 Rc2+ 39. Ke1 Re3+ 40. Kd1
Rxb3 41. Ke1 Re3+ 42. Kd1 Rf2 0-1

[Event "28th Czech Open A 2017"]
[Site "Pardubice CZE"]
[Date "2017.07.23"]
[Round "3.20"]
[White "Babikov, Ivan"]
[Black "Ghosh, Diptayan"]
[Result "1/2-1/2"]
[WhiteTitle "FM"]
[BlackTitle "GM"]
[WhiteElo "2267"]
[BlackElo "2569"]
[WhiteFideId "4161106"]
[BlackFideId "5045207"]
[EventDate "2017.07.21"]

1. e4 e6 2. d4 d5 3. exd5 exd5 4. c4 Nf6 5. Nc3 Bb4 6. Bd3 O-O 7. Ne2 dxc4 8.
Bxc4 Nbd7 9. O-O Nb6 10. Bb3 Re8 11. Bg5 h6 12. Bh4 Be6 13. d5 Bg4 14. f3 Bf5
15. Kh1 a5 16. a3 Be7 17. Bf2 Bd6 18. Bxb6 cxb6 19. Nd4 Bg6 20. Ndb5 Re3 21.
Nxd6 Qxd6 22. Qd2 Rae8 1/2-1/2

[Event "28th Czech Open A 2017"]
[Site "Pardubice CZE"]
[Date "2017.07.23"]
[Round "3.21"]
[White "Laznicka, Viktor"]
[Black "Plischki, Sebastian"]
[Result "1-0"]
[WhiteTitle "GM"]
[BlackTitle "IM"]
[WhiteElo "2669"]
[BlackElo "2376"]
[WhiteFideId "316385"]
[BlackFideId "4637143"]
[EventDate "2017.07.21"]

1. e4 e5 2. Nf3 Nc6 3. Bb5 a6 4. Ba4 Nf6 5. O-O Be7 6. Re1 b5 7. Bb3 d6 8. c3
O-O 9. h3 a5 10. a4 b4 11. d4 bxc3 12. bxc3 exd4 13. cxd4 d5 14. exd5 Nxd5 15.
Ba3 Bb4 16. Bxb4 Ncxb4 17. Ne5 Be6 18. Nd2 Nf4 19. Ndf3 c5 20. Re4 Nfd5 21. dxc5
Nc3 22. Qxd8 Rfxd8 23. Re3 Bxb3 24. Rxc3 Rd1+ 25. Rxd1 Bxd1 26. Nc4 Nc6 27. Nb6
Rd8 28. Ne1 Kf8 29. Kf1 Rd4 30. Rd3 Ke7 31. Re3+ Kd8 32. Nf3 Bxf3 33. Rxf3 Ne5
34. Rb3 Nd3 35. Rc3 Nf4 36. f3 Kc7 37. c6 Ne6 38. Na8+ Kc8 39. c7 Rd6 40. Rb3
Kd7 41. Rb7 Nc5 42. Rb8 1-0

[Event "28th Czech Open A 2017"]
[Site "Pardubice CZE"]
[Date "2017.07.23"]
[Round "3.22"]
[White "Stocek, Jiri"]
[Black "Popov, Mikhail"]
[Result "1-0"]
[WhiteTitle "GM"]
[BlackTitle "FM"]
[WhiteElo "2590"]
[BlackElo "2374"]
[WhiteFideId "304760"]
[BlackFideId "4146182"]
[EventDate "2017.07.21"]

1. d4 Nf6 2. c4 g6 3. Nc3 Bg7 4. e4 d6 5. Nf3 O-O 6. Be2 e5 7. d5 a5 8. Bg5 Na6
9. Nd2 Qe8 10. a3 Bd7 11. b3 h6 12. Be3 Nh7 13. Rb1 f5 14. f3 Nc5 15. Qc2 Nf6
16. b4 axb4 17. axb4 fxe4 18. fxe4 Na4 19. Nd1 Bg4 20. Bf3 b5 21. O-O bxc4 22.
Bxg4 Nxg4 23. Rxf8+ Qxf8 24. Nxc4 h5 25. Ra1 Nb6 26. Rxa8 Nxa8 27. Ba7 Qf4 28.
g3 Qf3 29. Nf2 Nb6 30. Nxg4 Nxc4 31. Nf2 Qa3 32. Qxc4 Qxa7 33. Kg2 Bh6 34. Qb5
Kf8 35. Qd7 Be3 36. Qe6 Bxf2 37. Qf6+ Ke8 38. Qxg6+ Kd8 39. Qf6+ Kc8 40. Qxf2
Qa4 41. Kh3 Qxb4 42. Qe2 Kb7 43. Kh4 c5 44. dxc6+ Kxc6 45. Qc2+ Qc5 46. Qa4+ Kc7
47. Kxh5 d5 48. exd5 Qxd5 49. Qa7+ Kd8 50. Qe3 Ke7 51. h4 Qf7+ 52. Kg4 Qe6+ 53.
Kf3 Qf5+ 54. Kg2 Ke6 55. Qb3+ Kd6 56. Qa3+ Ke6 57. Qa2+ Kd6 58. Qf2 Qe4+ 59. Kh3
Qh1+ 60. Kg4 Qd1+ 61. Kg5 Qc1+ 62. Kf5 Qc8+ 63. Ke4 Qc6+ 64. Ke3 Qc5+ 65. Ke2
Qc4+ 66. Kd2 Qb4+ 67. Kd1 Qb1+ 68. Ke2 Qe4+ 69. Qe3 Qg2+ 70. Ke1 Qh1+ 71. Kf2 e4
72. Ke2 Kd5 73. Kd2 Qb1 74. g4 Qb2+ 75. Ke1 Qa1+ 76. Ke2 Qa6+ 77. Kf2 Qf6+ 78.
Kg3 Qe5+ 79. Kg2 Qb2+ 80. Qf2 Qc3 81. h5 e3 82. Qf5+ Kd4 83. Qf6+ Kd3 84. Qxc3+
Kxc3 85. h6 e2 86. h7 e1=Q 87. h8=Q+ Kc4 88. Qc8+ Kb4 89. Qb7+ Ka4 90. Qc6+ Kb4
91. Qd6+ Ka4 92. Qd4+ Ka5 93. Qd5+ Ka4 94. g5 Qe2+ 95. Kg3 Qe3+ 96. Kg4 Qg1+ 97.
Kh5 Qh2+ 98. Kg6 Ka3 99. Qc5+ Kb3 100. Kg7 Kb2 101. g6 Qh3 102. Qd4+ Ka2 103.
Qd5+ Kb1 104. Kf7 Qf1+ 105. Kg8 Qe2 106. g7 Qe7 107. Qd3+ Ka2 108. Qc4+ Kb1 109.
Kh7 Ka1 110. Qd4+ Ka2 111. Kh8 1-0

[Event "28th Czech Open A 2017"]
[Site "Pardubice CZE"]
[Date "2017.07.23"]
[Round "3.23"]
[White "Raja, Harshit"]
[Black "Vorobiov, Evgeny E."]
[Result "1/2-1/2"]
[BlackTitle "GM"]
[WhiteElo "2377"]
[BlackElo "2585"]
[WhiteFideId "5089000"]
[BlackFideId "4121341"]
[EventDate "2017.07.21"]

1. e4 c5 2. Nf3 d6 3. d4 cxd4 4. Nxd4 Nf6 5. Nc3 a6 6. Bg5 Nbd7 7. Qe2 e6 8.
O-O-O Qc7 9. f4 b5 10. f5 b4 11. fxe6 bxc3 12. exd7+ Nxd7 13. Qc4 cxb2+ 14. Kb1
Nc5 15. Be2 h6 1/2-1/2

[Event "28th Czech Open A 2017"]
[Site "Pardubice CZE"]
[Date "2017.07.23"]
[Round "3.24"]
[White "Khaetsky, Roman"]
[Black "Brkic, Ante"]
[Result "1/2-1/2"]
[WhiteTitle "IM"]
[BlackTitle "GM"]
[WhiteElo "2373"]
[BlackElo "2565"]
[WhiteFideId "14106221"]
[BlackFideId "14506688"]
[EventDate "2017.07.21"]

1. e4 c5 2. Nf3 d6 3. d4 cxd4 4. Nxd4 Nf6 5. Nc3 a6 6. Bg5 e6 7. f4 Qb6 8. Qd2
Qxb2 9. Rb1 Qa3 10. f5 Be7 11. fxe6 Bxe6 12. Nxe6 fxe6 13. e5 dxe5 14. Bxf6 gxf6
15. Ne4 Qxa2 16. Rxb7 Qa1+ 17. Kf2 Qd4+ 18. Qxd4 exd4 19. Bc4 f5 20. Nd2 Nd7 21.
Re1 Nc5 22. Rb6 Kd7 23. Nf3 Kc7 24. Reb1 Rab8 25. Rxb8 Rxb8 26. Rxb8 Kxb8 27.
Nxd4 Kb7 28. Nxe6 Ne4+ 29. Ke2 Kb6 30. Ng7 f4 31. Ne6 Bd6 32. Bd3 Nf6 33. Kf3 a5
34. Bc4 Nd7 35. Ba2 Kb5 36. Nxf4 Kb4 37. Be6 Ne5+ 38. Ke4 Kc3 39. Bb3 Nd7 40.
Nd5+ Kb2 41. Kd4 Nc5 42. Kc4 a4 43. Bxa4 Nxa4 44. h4 h5 45. Nf6 Be7 46. Nxh5
Bxh4 1/2-1/2

[Event "28th Czech Open A 2017"]
[Site "Pardubice CZE"]
[Date "2017.07.23"]
[Round "3.25"]
[White "Lintchevski, Daniil"]
[Black "Yagupov, Igor"]
[Result "1/2-1/2"]
[WhiteTitle "GM"]
[BlackTitle "GM"]
[WhiteElo "2562"]
[BlackElo "2372"]
[WhiteFideId "4171055"]
[BlackFideId "4113632"]
[EventDate "2017.07.21"]

1. e4 c5 2. Nf3 Nc6 3. d4 cxd4 4. Nxd4 Nf6 5. Nc3 e5 6. Ndb5 d6 7. Bg5 a6 8. Na3
b5 9. Bxf6 gxf6 10. Nd5 f5 11. Bd3 Be6 12. O-O Bxd5 13. exd5 Ne7 14. c3 Bg7 15.
Qh5 e4 16. Be2 b4 17. cxb4 Bxb2 18. Nc4 Bxa1 19. Rxa1 O-O 20. Qg5+ Ng6 21. Qxf5
Re8 22. g3 Rc8 23. a4 Rxc4 24. Bxc4 Qb6 25. Qd7 Re5 26. Be2 Qxb4 27. Rd1 Kg7 28.
Qc6 a5 29. Qb5 Qc3 30. Kf1 Ne7 31. Qb6 e3 32. Rd3 Qa1+ 33. Rd1 Qc3 34. Rd3 Qa1+
35. Rd1 Qc3 1/2-1/2